[Event "Sufe Cup"]
[Site "Shanghai"]
[Date "2000.03.10"]
[Round "8"]
[White "Nay Oo Kyaw Tun"]
[Black "Zhang Zhong"]
[Result "0-1"]
[WhiteElo "2595"]
[BlackElo "2611"]
[PlyCount "70"]
[EventDate "2000.03.03"]
[Source "ChessBase"]
[SourceDate "2000.05.31"]

1. e4 c5 2. c3 e6 3. d4 d5 4. exd5 exd5 5. Nf3 Nc6 6. Bb5 Bd6 7. O-O Nge7 8. dxc5 Bxc5 9. Nbd2 O-O 10. Nb3 Bd6 11. Nbd4 Bg4 12. Qa4 Bh5 13. Bg5 Qb8 14. h3 h6 15. Be3 Qc8 16. Be2 a6 17. Rad1 Rd8 18. Qc2 Qc7 19. Nh4 Bxe2 20. Qxe2 Bh2+ 21. Kh1 Be5 22. Nhf5 Ng6 23. Qg4 Bf6 24. Qf3 Be5 25. Qg4 Kh8 26. Nh4 Nxh4 27. Qxh4 Bf6 28. Qh5 Kg8 29. Qf3 Rac8 30. Nxc6 bxc6 31. Bxh6 c5 32. Bf4 Qb6 33. Rxd5 Qxb2 34. Be5 Rxd5 35. Qxd5 Qe2 0-1

[Event "BL 0607 SG Köln Porz - Werder Bremen"]
[Site "Germania"]
[Date "2007.03.18"]
[Round "13.1"]
[White "McShane, Luke James"]
[Black "Vaganian, Rafael A"]
[Result "1-0"]
[WhiteElo "2614"]
[BlackElo "2587"]
[PlyCount "77"]
[EventDate "2006.10.28"]
[Source "www.chesslib.no"]
[SourceDate "2004.05.04"]

1. e4 e6 2. d4 d5 3. Nd2 c5 4. Ngf3 Nc6 5. exd5 exd5 6. Bb5 Bd6 7. dxc5 Bxc5 8. O-O Nge7 9. Nb3 Bd6 10. h3 O-O 11. Bd3 h6 12. Be3 Nf5 13. Bc5 Bxc5 14. Nxc5 Qb6 15. Nb3 Rd8 16. Qd2 a5 17. a4 Nb4 18. Nbd4 Nxd4 19. Nxd4 Qf6 20. Rfd1 Nc6 21. Be2 Qg6 22. Bd3 Qf6 23. Bf1 Qg6 24. Ra3 Nxd4 25. Qxd4 Qxc2 26. Rc3 Qh7 27. Re1 Bf5 28. Re7 g5 29. Rcc7 Bg6 30. Rxb7 Qg7 31. Re5 Rac8 32. Rb5 Rc1 33. Rbxd5 Rxd5 34. Qxd5 Qf6 35. Qxa5 Rb1 36. Qc3 Kg7 37. a5 Ra1 38. b4 Ra2 39. Re3 1-0

[Event "Moscow Aeroflot op"]
[Site "Moscow"]
[Date "2002.02.07"]
[Round "5"]
[White "Rublevsky, Sergei"]
[Black "Rychagov, Andrey"]
[Result "1/2-1/2"]
[WhiteElo "2655"]
[BlackElo "2544"]
[PlyCount "78"]
[EventDate "2002.02.04"]
[Source "ChessBase"]
[SourceDate "2002.03.21"]

1. e4 e6 2. d4 d5 3. Nd2 c5 4. Ngf3 Nc6 5. exd5 exd5 6. Bb5 Bd6 7. dxc5 Bxc5 8. O-O Nge7 9. c3 O-O 10. Nb3 Bd6 11. Bd3 h6 12. h3 Bf5 13. Nbd4 Bxd3 14. Qxd3 Qd7 15. Be3 Rad8 16. Rad1 Rfe8 17. Rfe1 Bb8 18. Re2 Ng6 19. Qf5 Nxd4 20. Nxd4 Qc7 21. g3 a6 22. a3 Re4 23. Nf3 Ne7 24. Qh5 Qc8 25. Nd4 Re8 26. Kg2 Ng6 27. Nf3 Bxg3 28. fxg3 Rxe3 29. Rf2 Re2 30. Qxd5 Rxf2+ 31. Kxf2 Qxh3 32. Qxb7 Qf5 33. Qd7 Re6 34. Qd8+ Kh7 35. Qd3 Qc5+ 36. Qd4 Qf5 37. Qd3 Qc5+ 38. Qd4 Qf5 39. Qd3 Qc5+ 1/2-1/2

[Event "Budapest Tungsram"]
[Site "Budapest HUN"]
[Date "1973.??.??"]
[Round "4"]
[White "Hort, Vlastimil"]
[Black "Geller, Efim P"]
[Result "1/2-1/2"]
[WhiteElo "2590"]
[BlackElo "2605"]
[PlyCount "23"]
[EventDate "1973.??.??"]
[Source "www.chesslib.no"]
[SourceDate "2004.05.04"]

1. e4 e6 2. d4 d5 3. Nd2 c5 4. Ngf3 Nc6 5. exd5 exd5 6. Bb5 Bd6 7. O-O cxd4 8. Nb3 Nge7 9. h3 O-O 10. Nbxd4 Nxd4 11. Nxd4 Nf5 12. c3 1/2-1/2

[Event "Groningen"]
[Site "?"]
[Date "1994.??.??"]
[Round "?"]
[White "Tiviakov, S."]
[Black "van der Wiel, J."]
[Result "1-0"]
[WhiteElo "2640"]
[BlackElo "2555"]
[PlyCount "95"]
[EventDate "1994.??.??"]
[Source "ChessBase"]
[SourceDate "1994.10.01"]

1. e4 c5 2. c3 e6 3. d4 d5 4. exd5 exd5 5. Nf3 Nc6 6. Bb5 Bd6 7. dxc5 Bxc5 8. O-O Nge7 9. Nbd2 O-O 10. Nb3 Bb6 11. Bd3 Qd6 12. Re1 Nf5 13. Bxf5 Bxf5 14. Be3 Bxe3 15. Rxe3 Rae8 16. Nfd4 Be4 17. Nxc6 bxc6 18. Qd4 Qb8 19. Rae1 Bc2 20. Nc5 Bf5 21. b4 h6 22. a4 Rxe3 23. Qxe3 Qd6 24. Qe5 Qg6 25. Kh1 Bc8 26. h3 f5 27. f4 Qf6 28. Qxf6 Rxf6 29. Re8+ Rf8 30. Rxf8+ Kxf8 31. Kg1 Ke7 32. Kf2 Bd7 33. Ke3 Be8 34. Kd4 Kd6 35. Nb7+ Kc7 36. Na5 Kd6 37. c4 dxc4 38. Nxc4+ Ke6 39. Kc5 g5 40. g3 gxf4 41. gxf4 Kd7 42. Ne5+ Kc7 43. Nf3 Bd7 44. Nd4 Be8 45. Nxf5 Bd7 46. Nxh6 Bxh3 47. a5 Bc8 48. Nf7 1-0

[Event "Open"]
[Site "Metz FRA"]
[Date "2007.04.20"]
[Round "7"]
[White "Fedorchuk, S."]
[Black "Eingorn, V."]
[Result "1/2-1/2"]
[WhiteElo "2603"]
[BlackElo "2588"]
[PlyCount "69"]
[EventDate "2007.04.14"]
[Source "www.chesslib.no"]
[SourceDate "2004.05.04"]

1. e4 e6 2. d4 d5 3. Nd2 c5 4. Ngf3 Nc6 5. exd5 exd5 6. Bb5 cxd4 7. Nxd4 Qe7+ 8. Qe2 Qxe2+ 9. Kxe2 Bd7 10. N2b3 Nxd4+ 11. Nxd4 Bc5 12. Rd1 Ne7 13. Be3 Bxd4 14. Bxd7+ Kxd7 15. Rxd4 Rhc8 16. c3 Ke6 17. Rad1 f6 18. g4 Rc7 19. h4 Rd7 20. R4d2 b6 21. f4 h5 22. f5+ Kf7 23. gxh5 Nxf5 24. Rxd5 Rxd5 25. Rxd5 Ke6 26. c4 Nxh4 27. a4 Nf5 28. a5 bxa5 29. Rxa5 Rb8 30. Bc1 Nd4+ 31. Kd3 Rd8 32. Ra6+ Ke5 33. Ra5+ Ke6 34. Ra6+ Ke5 35. Ra5+ 1/2-1/2

[Event "Haifa"]
[Site "?"]
[Date "1995.??.??"]
[Round "?"]
[White "Svidler, P."]
[Black "Dolmatov, S."]
[Result "0-1"]
[WhiteElo "2585"]
[BlackElo "2605"]
[PlyCount "50"]
[EventDate "1995.??.??"]
[Source "ChessBase"]
[SourceDate "1995.02.01"]

1. e4 e6 2. d4 d5 3. Nd2 c5 4. exd5 exd5 5. Ngf3 Nc6 6. Bb5 cxd4 7. Qe2+ Qe7 8. Ne5 Bd7 9. Bxc6 bxc6 10. O-O Kd8 11. Nb3 f6 12. Bg5 fxg5 13. Na5 Qe8 14. Rfe1 Kc7 15. Qf3 Bb4 16. Qg3 Bd6 17. c4 Nf6 18. Naxc6 Ne4 19. Rxe4 dxe4 20. c5 Bxe5 21. Nxe5 Kc8 22. Nc4 Qe7 23. Nd6+ Kd8 24. Qb3 Bc6 25. Qc4 Qf6 0-1

[Event "Bergraser Memorial-GM"]
[Site "Bergraser Memorial-GM"]
[Date "1989.??.??"]
[Round "?"]
[White "Anton, Volker-Michael"]
[Black "Rittner, Horst R"]
[Result "1/2-1/2"]
[WhiteElo "2630"]
[BlackElo "2560"]
[PlyCount "36"]
[EventDate "1989.??.??"]
[Source "www.chesslib.no"]
[SourceDate "2004.05.04"]

1. e4 e6 2. d4 d5 3. Nd2 c5 4. exd5 exd5 5. Ngf3 Nc6 6. Bb5 Bd6 7. dxc5 Bxc5 8. O-O Nge7 9. Nb3 Bd6 10. Bg5 O-O 11. Re1 Bg4 12. Be2 Re8 13. c3 h6 14. Bh4 Qb6 15. Nfd4 Bxe2 16. Rxe2 Ng6 17. Bg3 Bxg3 18. hxg3 Re4 1/2-1/2